000 01273cab a2200241 4500
001 ABS52312
008 090401t1995 xxu||||| |||| 00| 0 eng d
035 _a(Sirsi) u72547
041 _aeng
245 _aSked v Towngran Development Ltd
260 _c1995
350 _a0
490 _aEstates Gazette
_v1995 05 EG 169-172(4)
520 _aLVT 28 November 1994. Application under Leasehold Reform Housing and Urban Development Act 1993 s24 to determine the price of freehold of 155 Gloucester Avenue, London NW1. The unexpired term for the maisonettes out of a 99-year lease was approximately 89 years. The value of the leasehold interests was agreed at £490,000. The reversioner`s share of the marriage value was put at 50%. The price payable was set at £5,400 with a capitalisation rate of 13%. Application for value of insurance commissions and adminstration charges dismissed. £3,600 to be attributed to the reversioner`s share of the marriage value.
650 _aDETERMINATION OF PRICE
650 _aFREEHOLD
650 _aLEASEHOLD ENFRANCHISEMENT
650 _aLEASEHOLD REFORM, HOUSING AND URBAN DEVELOPMENT ACT 1993
650 _aMARRIAGE VALUE
690 _aLANDLORD AND TENANT-CASE LAW-LEASEHOLD REFORM
942 _n0
948 _c04/03/1997
999 _c45848
_d45848